000 00731nam a2200289Ia 4500
005 20260324140936.0
008 008 260324s9999 xx 000 0 eng d
020 _a9780429338465
037 _aEBOOK
040 _aCRL
040 _beng
040 _cCRL
041 _2eng
041 _aeng
084 _qCRL
100 _aWilliam Smith; Michael Teitz
_91206320
245 0 _aRent Control in North America and Four European Countries
245 0 _bRegulation and the Rental Housing Market
260 _bTaylor and Francis
260 _c1998
365 _a
365 _b205
856 _uhttp://www.taylorfrancis.com/books/9780429338465
942 _cEBOOK
999 _c1808893
_d1808893